A fiatalkorúak pártfogó felügyelete

Elmentve itt :
Bibliográfiai részletek
Szerző: Maczelka Erika
További közreműködők: Nagy Ferenc (Témavezető)
Dokumentumtípus: Szakdolgozat
Megjelent: 1981
Tárgyszavak:
Online Access:http://diploma.bibl.u-szeged.hu/20354
LEADER 00546nta a2200157 i 4500
001 dipl20354
005 20130314080047.0
008 111209s1981 hu om 0|| zxx d
040 |a SZTE Diploma Repozitórium  |b hun 
041 |a zxx 
100 1 |a Maczelka Erika 
245 1 2 |a A fiatalkorúak pártfogó felügyelete  |h [elektronikus dokumentum] /  |c Erika Maczelka 
260 |c 1981 
650 4 |a Jogi és igazgatási tanulmányok 
700 1 |a Nagy Ferenc  |e ths 
856 4 0 |u http://diploma.bibl.u-szeged.hu/id/eprint/20354/1/1981_maczelka_erika.pdf  |z Dokumentum-elérés